000 00696nam a22002057a 4500
005 20251108175130.0
008 250721s2009 xx 000 0 ara d
082 1 4 _a616.132/سيد
100 1 _aالسيد، عبد الباسط محمد
245 1 0 _aالضغط و السكر أسبابه و علاجه بالنباتات الطبية و الطب الحديث /
264 1 _aالجيزة :
_bألفا -للنشر و الإنتاج الفني،
_c2009.
300 _a224ص.
490 0 _aالوصول للصحة المثلى
_v3
650 1 7 _aالامراض
650 1 7 _aامراض الدم
650 1 7 _aالعلاج
650 1 7 _aالضغط
942 _2ddc
_cBK
999 _c126929
_d126929